Quizzes
Events
Quiz Creation
Community
Videos
Private Events
Remove Ads
Sign In
Join for FREE
Feedback
Dark Mode
Quiz Categories
Sports
Geography
Music
Movies
Television
Just For Fun
Miscellaneous
History
Literature
Language
Science
Gaming
Entertainment
Religion
Holiday
For Kids
Quiz Lab
Recent
Popular Today
Quiz Kudos Today
Editor Picks
Curator Picks
Quizzes by...
Day
Popularity
Type
Ratings
Length
Year
Community
Subscriptions
Recent Discussions
Orange Saloon
Badges
Playlists
Quests
Create
Leaderboards
Showdown
Live 5
Trivia Bingo
Activity
Puzzle Library
Sporcle Events
Private Events
Virtual Trivia
Globe League
Become a Host
Pub Owners
SporcleCon
Opinionation
Our Games
Videos
Blog
Mobile Apps
Partnerships
Remove Ads and Go Orange
Feedback
Television
TV Characters
TV Show
Sitcom
Network
Friends
Reality Shows
Cast
South Park
Star Trek
The Simpsons
Doctor Who
Television
TV Characters
TV Show
Sitcom
Network
Friends
Reality Shows
Cast
South Park
Star Trek
The Simpsons
Doctor Who
Random Quiz
Search Sporcle
×
Quiz Lab
Quiz Lab
Television
Attender
Type in answers that appear in a list
Type in answers that appear in a list
Classic
Best Score? Go Orange.
Eastenders characters 2010 Stats
Can you name the Eastenders characters 2010 by their actor ?
By
beanbag
13m
81 Questions
467 Plays
467 Plays
467 Plays
Comments
Comments
Give Quiz Kudos
Give Quiz Kudos
-
- Ratings
hide this ad
Forced Order
Answers have to be entered in order
Answers have to be entered in order
Random Order
Randomize order of answers
Randomize order of answers
Replay
Link that replays current quiz
Next Quiz
Link to next quiz in quiz playlist
You Got
0%
They Got
Avg Score
64%
Avg Friend Score
Upgrade to see
Score Distribution
Jump to the score distribution portion of the page
Score
0/81
Timer
13:00
0
Plays Today
Actor / Actress
Character
% Correct
Barbara Windsor
Peggy Mitchell
80.9%
Steve McFadden
Phil Mitchell
80.7%
Samantha Womack
Ronnie Mitchell
79.7%
Rita Simons
Roxy Mitchell
79.7%
Scott Maslen
Jack Branning
79.7%
June Brown
Dot Branning
78.6%
Sid Owen
Ricky Butcher
78.6%
Lacey Turner
Stacey Branning
78.6%
Larry Lamb
Archie Mitchell
78.6%
Jake Wood
Max Branning
77.9%
Adam Woodyatt
Ian Beale
77.7%
Patsy Palmer
Bianca Butcher
77.5%
Perry Fenwick
Billy Mitchell
77.5%
Pam St Clements
Pat Evans
76.9%
Charlie Brooks
Janine Malloy
76.9%
Laila Morse
Mo Harris
76.9%
Madeline Duggan /
Jacqueline Jossa
Lauren Branning
76.7%
Maisie Smith
Tiffany Dean
76.7%
Lorna Fitzgerald
Abi Branning
76.4%
Shane Ritchie
Alfie Moon
76.4%
Laurie Brett
Jane Beale
75.4%
Jessie Wallace
Kat Moon
75.2%
Diane Parish
Denise Johnson
74.9%
Nina Wadia
Zainab Masood
74.9%
Shona McGarty
Whitney Dean
74.9%
Natalie Cassidy
Sonia Fowler
74.7%
Rudolph Walker
Patrick Trueman
73.4%
Actor / Actress
Character
% Correct
Linda Henry
Shirley Carter
73.4%
Cheryl Fergison
Heather Trott
73.4%
Danielle Westbrook
Sam Mitchell
73.4%
Melissa Suffield
Lucy Beale
73.2%
John Partridge
Christian Clarke
73.2%
Jo Joyner
Tanya Branning
73%
Gillian Wright
Jean Slater
72.8%
Lindsay Coulson
Carol Jackson
71.7%
Himesh Patel
Tamwar Masood
71.5%
Charlie Clements
Bradley Branning
70.7%
Jamie Borthwick
Jay Brown
70.7%
Tameka Empson
Kim Fox
70.4%
Cliff Parisi
Rik ' Minty' Peterson
70.2%
Nitin Ganatra
Masood Ahmed
70%
Marc Elliott
Syed Masood
70%
Tiana Benjamin
Chelsea Fox
69.4%
Ricky Norwood
Arthur Chubb
69.4%
Thomas Law
Peter Beale
69.2%
Charlie G Hawkins
Darren Miller
69.2%
Zoe Lucker
Vanessa Gold
69.2%
John Bardon
Jim Branning
66.6%
Neil McDermott
Ryan Malloy
66%
Derek Martin
Charlie Slater
65.5%
Preeya Kalidas
Amira Masood
65.5%
Glynis Barber
Glenda Mitchell
65.5%
Belinda Owusu
Libby Fox
65.3%
Don Gilet
Lucas Johnson
64.7%
Actor / Actress
Character
% Correct
James Forde
Liam Butcher
63.8%
Devon Anderson
Billie Jackson
63.6%
Devon Higgs
Morgan Jackson King
62.1%
Sam Attwater
Leon Small
62.1%
Emer Kenny
Zsa Zsa Carter
61.5%
Charlie Jones
Ben Mitchell
60.6%
Alexis Francis
Bobby Beale
59.3%
Kylie Babbington
Jodie Gold
58.9%
Molly Conlin
Dotty Cotton
57.6%
Dean Gaffney
Robbie Jackson
56.1%
Tanya Franks
Rainie Cross
53.1%
Michael Joel David Stuart
Jordon Johnson
52.9%
David Proud
Adam Best
51.6%
Liam Bergin
Danny Mitchell
49.3%
Bunmi Mojekwu
Mercy Olubunmi
48.6%
Jane Slaughter
Tracey
46.7%
Josie Lawrence
Manda Best
46.5%
Brittany Papple
Louise Mitchell
44.8%
Ulric Browne
Winston
36.4%
Adam Croasdell
Dr Al Jenkins
36%
Anna Karen
Sal Martin
34%
Sophie Stanton
DCI Jill Marsden
32.8%
Kate Williams
Liz Turner
32.5%
Elizabeth Sweet
Marie
31.9%
Simone James
Becca Swanson
31.5%
Ellen Thomas
Grace Olubunmi
28.5%
Ashley Kumar
Todd Taylor
22.5%
Quiz Playlist
Details
Report
Send in Message
Add To Playlist
Classic:
Type in answers that appear in a list
Forced Order:
Answers have to be entered in order
Random Order:
Randomize order of answers
Last Updated: Feb 16, 2017
Quiz Scoreboard
CHALLENGE
Sign Up to Join the Scoreboard
Show All
Scores
Hide
Comments
May contain spoilers
Recently Published
9x9 Crossword: Cartoon Network
by jackfrog10
Miscellaneous
3m
College Basketball Coaching Resumes
by pancakes188
Sports
9m
Billboard Blitz: Fleetwood Mac
by CooCooCachoo
Music
15s
More to Explore
Quiz From the Vault
Featured Blog Post
Where Did the Easter Bunny Come From?
hide this ad
You Might Also Like...
Tags
2010
Attender
Character
Today's Top Quizzes in Television
Browse Television
hide this ad
Top Contributed Quizzes in Television
1
5-to-1: The Simpsons Families
2
5-to-1: Television Doctors
3
7-to-1: TV Show Settings
4
5-to-1: Streaming Originals
5
Adjectives in 00s TV Shows
6
One Piece Logic Puzzle
7
Survivor Seasons
8
Adjectives in 80s TV Shows
9
All US Survivor Seasons in Order
10
Adjectives in 10s TV Shows
Explore More
Trending Topics
Crossword
NBA
Disney
Marvel
Harry Potter
Kpop
Anime
Pokémon
The Office
Puzzle
Soccer
Country
Song
WWE
NFL
hide this ad
More By:
beanbag
Quiz
Plays
Rating
Category
Featured
Created
Wheel of Time: Shadow Rising characters
598
3.00
Literature
May 27, 2010
Wheel of Time: Eye of the World characters
585
3.00
Literature
May 23, 2010
Eastenders characters 2010
467
Television
May 24, 2010
Wheel of Time: Great Hunt Characters
372
1.00
Literature
May 24, 2010
Bash Street Kids
331
4.25
Miscellaneous
Sep 24, 2010
Go to Creator's Profile
Score Distribution
Quiz Creator Spotlight
beanbag
Follow
Send a Message
Quizzes Created
-
Created Quiz Play Count
-
More By This Creator
Popular Quizzes Today
1
Find the US States - No Outlines Minefield
2
Find the Countries of Europe - No Outlines Minefield
3
The Countries of the World
4
Find the US States
5
Risky Map Clicking: Biggest States A-Z
6
US States
7
Popular People in 1961
8
Movies - When Are They Set?
More Television Quizzes
Game of Thrones: Olenna Tyrell Start to Finish
Quiz Lab
Trending Quizzes
Risky Map Clicking: Least Populous States A-Z
1-10 Letter G Words
1-10 Letter F Words
Risky Map Clicking: Next State Alphabetically
Adjectives in 80s TV Shows
Recently Updated
Leaping Animals
pecheneg
Reality TV Shows (A-Z)
bhenderson79
Rickey Henderson's Hall of Fame Teammates
pecheneg
Champions League XIs: Arsenal
pecheneg
Quick Pick: Celebrities in WWE's Hall of Fame
aduchscher
A-Z Keypad Blitz II
pecheneg
Multiple Oscar Actors
pecheneg
Mystery Phrase Blitz: Oscar 'Best Actors'
pecheneg
F. Scott Fitzgerald Novels
LTH
Pick 3 Villains
ddd62291
Trending Topics
Kpop
Marvel
NBA
Harry Potter
Disney
Crossword
Anime
Soccer
Song
NFL
Pokémon
Country
WWE
The Office
Puzzle
Your Account Isn't Verified!
In order to create a playlist on Sporcle, you need to verify the email address you used during registration. Go to your
Sporcle Settings
to finish the process.
Report this User
Report this user for behavior that violates our
Community Guidelines
.
Details:
Send Report
Go to the Sporcle.com Mobile Site →
Comments